Noticia de las actas de la Real Academia de la Historia (Record no. 163044)
[ view plain ]
| 000 -LEADER | |
|---|---|
| campo de control de longitud fija | 00894nam a2200205 i 4500 |
| 001 - NÚMERO DE CONTROL | |
| campo de control | 163044 |
| 003 - IDENTIFICADOR DE NÚMERO DE CONTROL | |
| campo de control | ES-MaACL |
| 005 - FECHA Y HORA DE LA ÚLTIMA TRANSACCIÓN | |
| campo de control | 20230906212646.0 |
| 008 - DATOS DE LONGITUD FIJA--INFORMACIÓN GENERAL | |
| campo de control de longitud fija | 970325s1879 sp |||| | spa d |
| 040 ## - FUENTE DE CATALOGACIÓN | |
| Centro catalogador/agencia de origen | CAM |
| Lengua de catalogación | spa |
| Centro/agencia transcriptor | CAM |
| 100 1# - ENTRADA PRINCIPAL--NOMBRE DE PERSONA | |
| Nombre de persona | Oliver y Hurtado, Manuel. |
| 9 (RLIN) | 86850 |
| 245 10 - MENCIÓN DEL TÍTULO | |
| Título | Noticia de las actas de la Real Academia de la Historia |
| Resto del título | : leída... en junta pública de 29 de junio de 1879 / |
| Mención de responsabilidad, etc. | por Manuel Oliver Hurtado. |
| 260 ## - PUBLICACIÓN, DISTRIBUCIÓN, ETC. | |
| Lugar de publicación, distribución, etc. | Madrid : |
| Nombre del editor, distribuidor, etc. | [s.n.], |
| Fecha de publicación, distribución, etc. | 1879 ( |
| Fabricante | Imprenta de José Rodríguez) |
| 300 ## - DESCRIPCIÓN FÍSICA | |
| Extensión | 113 p. ; |
| Dimensiones | 21 cm. |
| 530 ## - NOTA DISPONIBLE DE FORMULARIO FÍSICO ADICIONAL | |
| Nota de formato físico adicional disponible | Disponible en formato digital. |
| 610 2# - PUNTO DE ACCESO ADICIONAL DE MATERIA--NOMBRE DE ENTIDAD CORPORATIVA | |
| Nombre de entidad corporativa o nombre de jurisdicción como elemento de entrada | Real Academia de la Historia (España) |
| 9 (RLIN) | 6309 |
| 852 ## - LOCALIZACIÓN | |
| Ubicación | ES-MaACL |
| Número de control de estantería | F-6570 |
| Nota libre | -- Enc. hol. |
| 852 ## - LOCALIZACIÓN | |
| Ubicación | ES-MaACL |
| Número de control de estantería | T-1101-F-3 |
| Nota libre | -- Enc. hol. conservando la cub. original |
| -- | -- Enc. en un vol. facticio |
| 856 ## - LOCALIZACIÓN Y ACCESO ELECTRÓNICOS | |
| Identificador Uniforme de Recursos | <a href="http://bdh-rd.bne.es/viewer.vm?id=0000191278&page=1 ">http://bdh-rd.bne.es/viewer.vm?id=0000191278&page=1 </a> |
| Nota pública | Biblioteca Digital Hispánica |
| Estatus retirado | Estado de pérdida | Estado de daño | No para préstamo | Colección | Biblioteca de origen | Biblioteca actual | Ubicación en estantería | Fecha de adquisición | Total de préstamos | Signatura topográfica completa | Código de barras | Visto por última vez | Precio de reemplazo | Tipo de ítem Koha | Fuente de adquisición |
|---|---|---|---|---|---|---|---|---|---|---|---|---|---|---|---|
| Colección de folletos | Biblioteca del Ateneo de Madrid | Biblioteca del Ateneo de Madrid | Depósito folletos | 17/01/2008 | T-1101-F-3 | 1170833 | 23/02/2023 | 23/02/2023 | Folleto | ||||||
| Colección digital | Biblioteca del Ateneo de Madrid | Biblioteca del Ateneo de Madrid | Depósito 2 | 17/01/2008 | F-6570 | 1170832 | 23/02/2023 | 23/02/2023 | Libro impreso antiguo |
